[Event "Teheran Talking Chess m"]
[Site "Teheran"]
[Date "2013.03.10"]
[Round "3"]
[White "Short, Nigel D"]
[Black "Ghaem Maghami, Ehsan"]
[Result "1-0"]
[WhiteElo "2697"]
[BlackElo "2568"]
[Annotator "CB"]
[PlyCount "85"]
[EventDate "2013.03.09"]
[EventType "match"]
[EventRounds "4"]
[EventCountry "IRI"]
[SourceTitle "CBM 153 Extra"]
[Source "ChessBase"]
[SourceDate "2013.04.22"]
[SourceVersion "1"]
[SourceVersionDate "2013.04.22"]
[SourceQuality "1"]

1. c4 Nf6 2. Nc3 e6 3. Nf3 d5 4. d4 Be7 5. Bg5 O-O 6. Qc2 Nbd7 7. cxd5 ({Auf} 
7. e3 {könnte Schwarz nun auch mit} c5 {fortfahren.}) 7... exd5 8. e3 c6 9. Bd3
Re8 10. O-O Nf8 11. Rab1 {Die Abtauschvariante des Damengambits in ihrer
klassischen Ausprägung. Weiß bereitet den Minoritätsangiff vor.} Ne4 (11... a5
12. a3 Ng6 13. b4 Bd6 14. Rfe1 axb4 15. axb4 Bg4 16. Nh4 Bd7 17. h3 Ra3 18. e4
Bf4 19. Nxg6 Bxg5 20. Ne5 dxe4 21. Nxe4 Nxe4 22. Bxe4 g6 23. Nc4 Ra7 24. b5 Bf4
25. bxc6 {1/2-1/2 (25) Kramnik,V (2751)-Kasparov,G (2812) Frankfurt 1999}) 12.
Bxe7 Qxe7 13. Bxe4 dxe4 14. Nd2 f5 $11 15. d5 (15. b4 Be6 16. Rfc1 Rac8 17. Ne2
Nd7 18. Qa4 Nb6 19. Qa5 Qf7 20. Rb2 $11 {1/2-1/2 (68) Horvath,P (2434)-Hummel,
M (2174) Finkenstein 2000}) 15... Rd8 (15... Bd7 16. Qb3 Qf7 17. Nc4 Qg6 18.
dxc6 bxc6 19. Ne5+ Qe6 20. Qxe6+ Rxe6 21. Nc4 Bc8 22. Ne2 Ba6 23. Rfc1 Nd7 24.
b4 Rf6 25. Rb2 Rb8 26. a3 c5 27. Rd2 cxb4 28. Rxd7 bxa3 29. Nxa3 Bxe2 30. Rxa7
Ra6 31. Rxa6 Bxa6 32. Nb1 Bd3 33. Nc3 Rb2 34. h4 Kf7 35. Nd5 Rb1 36. Rxb1 Bxb1
37. Kh2 Ke6 38. Nf4+ Ke5 39. Kg3 {1/2-1/2 (39) Babu,N (2386)-Sriram,J (2408)
Nagpur 2002}) 16. dxc6 bxc6 17. Nc4 Be6 {Der Bauer c6 ist etwas schwach, aber
Schwarz hat genug Gegenspiel.} 18. Ne2 c5 19. Nf4 Bf7 20. b3 Nd7 21. Qc3 Nb6
22. Ne5 Nd5 23. Qb2 (23. Nxd5 Rxd5 24. Nxf7 Qxf7 25. Rfd1 Rad8 $11) 23... Nxf4
24. exf4 Qd6 25. Rfc1 Rac8 26. g3 Qd4 27. Qe2 Qd2 28. Kf1 Rd6 29. h3 Be6 30.
Rc2 Qxe2+ 31. Kxe2 Kf8 32. Rbc1 Ra6 33. g4 Ke7 34. Ke3 Rc7 $6 (34... c4 $5 35.
Nxc4 (35. gxf5 cxb3 36. Rxc8 Bxc8 37. axb3 Bxf5 $11) 35... fxg4 36. hxg4 Bxg4
$11) 35. gxf5 (35. Rxc5 $5 Rxc5 36. Rxc5 Rxa2 37. Rc7+ Kd6 (37... Kf8 38. b4
Ra3+ 39. Kd4 Ra2 $4 40. gxf5 Bxf5 41. Rf7+ $18) 38. Rxg7 Ra3 39. gxf5 Rxb3+ 40.
Kd4 Bxf5 41. Rxa7 $14) 35... Bxf5 36. h4 Kf6 37. Rd2 Ke7 38. Rg1 g6 39. Rc1 Rc8
40. Rc3 Kf6 $11 41. Rdc2 Be6 42. b4 {Die Stellung ist nahezu gleich, aber
Schwarz sttellt nun eine Figur ein.} Bxa2 $4 (42... c4 $11) 43. Nd7+ (43. Nd7+
Ke7 44. Nxc5 $18 {und der Ta6 muss die Deckung des La2 aufgeben.}) 1-0

[Event "Moscow Petrosian Memorial"]
[Site "Moscow"]
[Date "2014.11.08"]
[Round "4"]
[White "Morozevich, Alexander"]
[Black "Inarkiev, Ernesto"]
[Result "1/2-1/2"]
[WhiteElo "2724"]
[BlackElo "2688"]
[Annotator "CB"]
[PlyCount "92"]
[EventDate "2014.11.04"]
[EventType "tourn"]
[EventRounds "7"]
[EventCountry "RUS"]
[EventCategory "20"]
[SourceTitle "CBM 164"]
[Source "ChessBase"]
[SourceDate "2015.01.15"]
[SourceVersion "1"]
[SourceVersionDate "2015.01.15"]
[SourceQuality "1"]

1. d4 Nf6 2. c4 e6 3. Nc3 d5 4. cxd5 exd5 5. Bg5 c6 6. Qc2 Be7 7. e3 Nbd7 8.
Bd3 Nh5 9. Bxe7 Qxe7 10. Nge2 (10. Nf3 Nf4 {is known to be somewhat
uncomfortable for White.}) 10... g6 11. O-O-O Nb6 12. Rde1 (12. Kb1 {is by far
the most common move.}) 12... Be6 13. f3 O-O-O 14. g4 Ng7 15. Nf4 h5 16. h3 Kb8
17. Rhg1 Qd6 18. Bf1 hxg4 19. hxg4 Rh7 20. a4 a5 21. Qb3 Nd7 22. Kb1 Rh2 23.
Na2 g5 24. Nd3 f6 25. Qc3 b6 $6 26. b4 $1 {White's advances on the kingside
have yielded nothing, it's a good idea to open a front on the other side while
Black still has an awkward knight on g7.} axb4 27. Naxb4 Rc8 28. Rc1 Kb7 29. e4
{Something clearly went wrong in Black's position. The pressure on the
queenside is piling up.} dxe4 30. fxe4 c5 $1 {Resourceful and forced.} 31. e5
$6 (31. a5 $1 {was actually very strong. This would destabilize the c5 posiion
and force Inarkiev to find some kind of defense.}) 31... fxe5 32. Nxe5 Ka7 $1 {
Now it is White that has to be careful as his king becomes exposed. With e5
hanging and the king position being exposed more and more it is Morozevich
that has to be careful not to overstep.} 33. Qd3 Nxe5 34. Qa6+ Kb8 35. dxe5 Qd8
$2 (35... Rb2+ $3 {would have been brilliant.} 36. Ka1 (36. Kxb2 Qd4+ {gets
quickly mated.}) 36... Qd8 $1) 36. Nc2 (36. Rg2 $1 {leaves Black in a
basically lost position. If he retreats White's rook will swing to the
queenside with fatal consequences.}) 36... Bd5 (36... Rc7 $1 $17) 37. Rd1 Ne6
38. Bc4 (38. Bg2 Nd4 $1 $11) 38... Bxc4 39. Qxc4 Nd4 40. Nxd4 cxd4 41. Qxd4 $4
(41. Rxd4 $11) 41... Qc7 $4 {Missing a quick mate.} (41... Rc1+ 42. Kxc1 (42.
Rxc1 Qxd4) 42... Qc7+ 43. Kb1 Qc2+ 44. Ka1 Qa2#) 42. Qd6 Ka7 43. Qxc7+ Rxc7 44.
Rc1 Rxc1+ 45. Kxc1 Re2 46. Rf1 Rxe5 1/2-1/2

[Event "Grenke Chess Classic 3rd"]
[Site "Baden-Baden"]
[Date "2015.02.02"]
[Round "1"]
[White "Aronian, Levon"]
[Black "Carlsen, Magnus"]
[Result "1/2-1/2"]
[WhiteElo "2777"]
[BlackElo "2865"]
[Annotator "CB"]
[PlyCount "127"]
[EventDate "2015.02.02"]
[EventType "tourn"]
[EventRounds "7"]
[EventCountry "GER"]
[EventCategory "20"]
[SourceTitle "CBM 165"]
[Source "ChessBase"]
[SourceDate "2015.03.11"]
[SourceVersion "1"]
[SourceVersionDate "2015.03.11"]
[SourceQuality "1"]

1. c4 e6 2. Nc3 d5 3. d4 Nf6 4. cxd5 exd5 5. Bg5 c6 6. Qc2 Be7 7. e3 Nbd7 8.
Bd3 h6 9. Bh4 Nh5 10. Bxe7 Qxe7 11. O-O-O Nb6 12. Nf3 Bg4 13. Kb1 Nf6 14. Rc1
Nfd7 15. Ka1 O-O-O 16. Nd2 Kb8 17. Na4 Nxa4 18. Qxa4 Qh4 {A relatively dry
position. Black has no real targets to pressure, while White is doing the best
not to weaken his position.} 19. Rcf1 Qf6 20. Qc2 Rc8 21. Nb3 Rc7 22. Rc1 Rhc8
{Black's complicated plan of doubling on the c-file and playing c5 may not
have been a bad idea, except that it was never executed.} 23. h3 Be6 24. Rhf1
h5 $2 (24... c5 $5 25. Nxc5 Nxc5 26. dxc5 Rxc5 27. Qxc5 Rxc5 28. Rxc5 Qg5 {
White cannot successfully defend his g-pawn (29.g4 runs into 29...Qh4) so
Black gets one pawn for the two rooks against queen situation, which might
make his position just an inch preferable.}) 25. f4 $1 {Carlsen must have
underestimated this move. There is no comfortable way to protect against f5,
trapping the bishop.} g6 (25... Nb6 26. f5 Bd7 27. Nc5 {Leaves Black's pieces
without coordination, very similar to what happened in the game but with the
kingside pawns still alive, which is worse for Black.}) 26. f5 gxf5 $6 (26...
Bxf5 $1 27. Bxf5 gxf5 28. Rxf5 (28. Qxf5 Qxf5 29. Rxf5 Rg8 $11) 28... Qg6 {
And Black is a tiny bit worse, but should have enough counterplay with
pressure against e3, g2 and some c5 ideas.}) 27. g4 $1 {This strong move binds
Black's pieces.} hxg4 28. hxg4 Nb6 {what else?} 29. gxf5 Bd7 30. Nc5 Re8 {
Black has some compensation for his cramped position in the form of pressure
on e3 and a relatively solid camp, but it is definitely White that is
preferable here.} 31. Rce1 Qd6 32. a3 $6 (32. Rg1 $1) 32... Bc8 33. Qf2 Nd7 $6
(33... f6 $1 {Forces Aronian to find some good way of continuing the pressure.
Black is close to equality.}) 34. e4 $1 dxe4 35. Nxe4 Qf8 (35... Qd5 36. Bb1 $1
{Is extremely uncomfortable, with the threat of Nc3.}) 36. Rg1 Rd8 37. Qh2 $2 {
This move lets go of any advantage.} (37. f6 $1 Nb6 38. Rg7 {keeps the bind
and some real pressure on the position. It's hard to find moves for Black.})
37... Qh8 $1 {Now that the queens come off the board it is impossible to play
for a win with White.} 38. Qxh8 Rxh8 39. Rg7 Nb6 40. Nf6 Rd8 41. Rg4 (41. Bb1
$1 {was probably a simpler way of forcing a draw.} Rxd4 42. Ne8 Rcd7 43. Nf6
Rd8 44. Rxf7 $11) 41... c5 42. Ne8 $6 (42. dxc5 Rxc5 (42... Rxd3 43. cxb6 axb6
44. Re8 {looks a bit dangerous for Black.}) 43. Bb1 $11 Bxf5 $4 44. Rg5 $18)
42... Rcd7 43. dxc5 Rxd3 44. cxb6 axb6 {Now that White doesn't have access to
the eight rank the bishop is a slightly better piece than the knight on e8.}
45. Rf4 R8d5 46. Ref1 {It's hard to make progress with Black anyways. If he is
forced to trade a pair of rooks White's defensive task becomes easier.} Rd1+
47. Rxd1 Rxd1+ 48. Ka2 Rd5 49. Ng7 {Awkward, but the f-pawn is doing an
important job of restraining the Black bishop.} Bd7 50. Kb3 Kc7 51. Re4 Kd6 52.
Ne8+ Kc6 (52... Bxe8 53. Rxe8 Rxf5 54. Rb8 {is almost impossible to win.}) 53.
Ng7 Rd3+ 54. Kb4 Rg3 55. Rc4+ Kd6 56. Rd4+ Kc7 57. Nh5 Rg2 58. Nf6 Bc6 (58...
Bxf5 59. Nd5+ Kb8 60. b3 $11) 59. b3 b5 60. Ng4 Re2 61. Nh6 Be8 62. Ng4 Bd7 63.
Nh6 Be8 64. Ng4 1/2-1/2

[Event "Match/Team URS-World 21-19"]
[Site "London"]
[Date "1984.06.24"]
[Round "1.2"]
[White "Timman, Jan H"]
[Black "Kasparov, Garry"]
[Result "1/2-1/2"]
[WhiteElo "2610"]
[BlackElo "2710"]
[Annotator "ChessBase"]
[PlyCount "46"]
[EventDate "1984.06.24"]
[EventType "team"]
[EventRounds "4"]
[EventCountry "ENG"]
[SourceTitle "MCL"]
[Source "ChessBase"]
[SourceDate "1999.07.01"]
[SourceVersion "1"]
[SourceVersionDate "1999.07.01"]
[SourceQuality "1"]

1. d4 Nf6 2. c4 e6 3. Nf3 d5 4. Bg5 Be7 5. e3 O-O 6. cxd5 exd5 7. Nc3 Nbd7 8.
Bd3 c6 9. Qc2 Re8 10. O-O Nf8 11. Bxf6 Bxf6 12. b4 Bg4 13. Nd2 Be7 14. Rab1 (
14. b5 $6 c5 $1) 14... Bd6 15. Bf5 Bh5 $1 16. Rfc1 (16. b5 $6 c5 17. Nxd5 cxd4
18. e4 Be2 19. Rfc1 d3 $15 {Kasparov}) (16. Rfe1 $5) 16... g6 17. Bd3 Qg5 $10
18. Ne2 Nd7 19. h3 a6 20. a4 Rac8 21. Nf1 Bxe2 22. Bxe2 Qe7 23. Qb3 Nf6 1/2-1/2

[Event "Interzonal-10a"]
[Site "Biel"]
[Date "1976.07.30"]
[Round "14"]
[White "Smejkal, Jan"]
[Black "Csom, Istvan"]
[Result "1-0"]
[WhiteElo "2615"]
[BlackElo "2490"]
[Annotator "ChessBase"]
[PlyCount "81"]
[EventDate "1976.07.11"]
[EventType "tourn"]
[EventRounds "19"]
[EventCountry "SUI"]
[EventCategory "12"]
[SourceTitle "IZT"]
[Source "ChessBase"]
[SourceDate "1999.07.01"]
[SourceVersion "1"]
[SourceVersionDate "1999.07.01"]
[SourceQuality "1"]

1. c4 Nf6 2. Nc3 e6 3. Nf3 d5 4. d4 Be7 5. Bg5 Nbd7 6. e3 O-O 7. cxd5 exd5 8.
Bd3 Re8 9. O-O c6 10. Qc2 Nf8 11. Rae1 g6 $5 (11... Ne4 $6 12. Bxe7 Qxe7 13.
Bxe4 dxe4 14. Nd2 {/\f2-f3}) 12. Rb1 $5 {Weiss plant den MINORITÄTSANGRIFF mit
b2-b4-b5.} Ne6 13. Bh4 Ng7 14. b4 {Schwarz hat ein Tempo gewonnen durch 11.
Rae1, 12.Reb1. So sehr profitiert er aber nicht von dem weissen Tempoverlust.
Sein Vorteil ist, dass der Re8 nicht mehr auf f8 steht.} Nf5 $6 (14... a6 $142
15. a4 Bf5 $10) 15. Bxf6 Bxf6 16. b5 $1 {Nun erhält Schwarz entweder wie in
der Partie einen schwachen Bauern auf c6, oder nach 16...c6xb5 einen schwachen
Bauern d5.} Ne7 17. bxc6 bxc6 18. Na4 $16 Qa5 19. Nc5 Bg4 20. Nd2 Reb8 21. Ndb3
Qd8 22. Na6 Rb6 23. a4 Bc8 24. Nbc5 Rxb1 25. Rxb1 Bg7 26. Nb7 Qd7 27. h3 Bf8
28. Qc3 Nf5 29. Na5 c5 30. Nxc5 Qd8 31. Bf1 Qg5 32. Nd3 Bd7 33. Qc7 Bxa4 34.
Ne5 Be8 35. Qb7 Rd8 36. Qxa7 Bd6 37. Nac6 Rc8 38. Qb7 Rc7 39. Qa8 Kf8 40. Rb8
Ng7 41. Rd8 1-0

[Event "Haninge"]
[Site "Haninge"]
[Date "1989.??.??"]
[Round "?"]
[White "Sokolov, Ivan"]
[Black "Wedberg, Tom Birger"]
[Result "1/2-1/2"]
[WhiteElo "2580"]
[BlackElo "2510"]
[Annotator "ChessBase"]
[PlyCount "45"]
[EventDate "1989.??.??"]
[EventType "tourn"]
[EventRounds "11"]
[EventCountry "SWE"]
[EventCategory "13"]
[SourceTitle "CBM 013"]
[Source "ChessBase"]
[SourceDate "1989.12.01"]
[SourceVersion "1"]
[SourceVersionDate "1989.12.01"]
[SourceQuality "1"]

1. d4 Nf6 2. c4 e6 3. Nc3 d5 4. cxd5 exd5 5. Bg5 Be7 6. e3 c6 7. Bd3 Nbd7 8.
Nge2 O-O 9. Qc2 Re8 10. h3 Nf8 11. g4 (11. O-O-O a5 12. g4 b5 13. Ng3 a4 $13)
11... a5 12. Ng3 b5 $5 13. Nce2 Bd7 14. O-O-O a4 15. Kb1 b4 16. Qd2 Qb6 17. f4
c5 18. dxc5 $6 (18. Bxf6 Qxf6 19. dxc5 Bxc5 20. Nd4 Bxd4 21. exd4 Kh8 $5 $13)
18... Bxc5 19. Nd4 Bxd4 20. exd4 Ne4 21. Bxe4 dxe4 22. f5 Bb5 23. Be3 (23. Be3
Bd3+ 24. Ka1 b3 (24... a3 25. b3 Rac8 26. Rc1 Qa5 (26... Nd7 27. Nh5 Qd6 28.
Rxc8 (28. Nf4 Ne5 $1) 28... Rxc8 29. Rc1 Rxc1+ 30. Qxc1 Qh2 31. f6 $1 $13) 27.
Nh5 Rc3 28. Bh6 $1) 25. a3 Rac8 26. d5 Qf6 (26... Qd6 $1 27. Nh5 Rc2 $19) 27.
Nh5 Qe5 28. Bf4 Qxd5 29. Bh6 $1) 1/2-1/2

[Event "Candidates qf Portisch-Larsen +4-2=4"]
[Site "Rotterdam"]
[Date "1977.03.??"]
[Round "6"]
[White "Portisch, Lajos"]
[Black "Larsen, Bent"]
[Result "1-0"]
[WhiteElo "2625"]
[BlackElo "2615"]
[Annotator "ChessBase"]
[PlyCount "101"]
[EventDate "1977.03.01"]
[EventType "match"]
[EventRounds "10"]
[EventCountry "NED"]
[SourceTitle "Candidates"]
[Source "ChessBase"]
[SourceDate "1999.07.01"]
[SourceVersion "2"]
[SourceVersionDate "1999.07.01"]
[SourceQuality "1"]

1. c4 Nf6 2. Nc3 e6 3. Nf3 d5 4. d4 Nbd7 5. cxd5 exd5 6. Bg5 Be7 7. e3 O-O 8.
Bd3 c6 9. Qc2 Re8 10. O-O Nf8 11. Rae1 Be6 12. Qb1 $5 a5 13. a3 N6d7 14. Bxe7
Rxe7 (14... Qxe7 $1) 15. b4 axb4 16. Qxb4 $5 $14 (16. axb4 b5 {Forintos}) 16...
Nb6 17. a4 Nc8 18. Ra1 Nd6 19. a5 (19. Rfc1 $1 Bf5 20. Bf1 {Forintos}) 19...
Bf5 20. Bxf5 Nxf5 21. Rfb1 Nd6 22. Nd2 Ne6 23. Qb6 Qc8 24. Nxd5 Rd7 25. Nc3 Nf5
26. Nf3 Ra6 27. Qb2 Nd6 28. Na4 Qe8 29. Nb6 Rd8 30. Qc2 h6 31. Nc4 Nb5 32. Rd1
Qe7 33. h3 Nec7 34. Rab1 Nd5 35. Rb3 Qe6 36. Nfe5 Raa8 37. Nd3 Qg6 38. Rc1 Qg5
39. Kh2 Re8 40. Nc5 Ra7 41. Rd1 h5 42. e4 Nxd4 43. Rxd4 Nf4 44. Ne3 Nxg2 45.
Nxg2 Qe5+ 46. f4 Qxd4 47. Rg3 Qb4 48. e5 Qxa5 49. Nd7 h4 50. Nf6+ Kf8 51. Rxg7
1-0

[Event "Cannes Martinez"]
[Site "Cannes"]
[Date "1995.??.??"]
[Round "6"]
[White "Chabanon, Jean Luc"]
[Black "Bezold, Michael"]
[Result "1/2-1/2"]
[WhiteElo "2445"]
[BlackElo "2495"]
[Annotator "ChessBase"]
[PlyCount "230"]
[EventDate "1995.01.??"]
[EventType "tourn"]
[EventRounds "11"]
[EventCountry "FRA"]
[EventCategory "8"]
[SourceTitle "CBM 047 Extra"]
[Source "ChessBase"]
[SourceDate "1995.09.01"]
[SourceVersion "1"]
[SourceVersionDate "1995.09.01"]
[SourceQuality "1"]

1. d4 e6 2. c4 Nf6 3. Nc3 d5 4. cxd5 exd5 5. Bg5 Be7 6. e3 c6 7. Bd3 Nbd7 8.
Qc2 Nf8 9. Nf3 Ne6 10. Bh4 g6 11. h3 Ng7 12. g4 O-O 13. Ne5 Nd7 14. Bxe7 Qxe7
15. Nf3 Nb6 16. Ne2 Be6 17. Nf4 Rac8 18. Qc5 Qc7 19. Qa5 Rce8 20. O-O-O Qb8 21.
Kb1 Nd7 22. Rc1 Re7 23. Qa3 Rfe8 24. Rhg1 Nf6 25. Ka1 Ne4 26. Rg2 Bd7 27. Bb1
f6 28. g5 fxg5 29. Nxg5 Bf5 30. Bxe4 Bxe4 31. Rgg1 Bf5 32. h4 Kh8 33. Qc3 Be4
34. Qd2 Qd6 35. a3 Qf6 36. Rce1 b6 37. Rc1 Rb7 38. Rc3 b5 39. Rgc1 Rb6 40. Rc5
Nh5 41. Nxh5 gxh5 42. Qa5 b4 43. Nxe4 dxe4 44. Qxa7 Qd8 45. d5 bxa3 46. Qxa3
cxd5 47. Qc3+ Qf6 48. Rxd5 Reb8 49. Qxf6+ Rxf6 50. Rc2 Ra6+ 51. Kb1 Rba8 52.
Rc7 Ra1+ 53. Kc2 Rf8 54. Rxh5 Rxf2+ 55. Kb3 Rb1 56. Rc8+ Kg7 57. Rg5+ Kf7 58.
Rc2 Rf3 59. Rc7+ Ke6 60. Ka2 Rd1 61. Rxh7 Rxe3 62. Rh6+ Kf7 63. Rb5 Kg7 64. Rc6
Rd7 65. Rg5+ Kf7 66. Rf5+ Kg7 67. Rc1 Re7 68. Rg1+ Kh6 69. Rf8 Kh7 70. Ra8 Re2
71. Ra5 Kh6 72. Rgg5 e3 73. Rae5 Rxe5 74. Rxe5 Kg6 75. h5+ Kf6 76. Re8 Kg5 77.
Ka3 Kf4 78. h6 Rh2 79. Re6 e2 80. b4 Kf3 81. b5 $4 (81. Rf6+ $10) 81... Rxh6
82. Rxh6 (82. Re8 Rh4 $19) 82... e1=Q 83. Rf6+ Kg4 84. Ra6 Kf5 85. Ka4 Ke5 86.
Rc6 Kd5 87. Ra6 Qa1+ 88. Kb4 Qb2+ 89. Ka4 Qa2+ 90. Kb4 Qc4+ 91. Ka5 Qb3 92. Rc6
Qa3+ 93. Kb6 Qb4 94. Ka6 Qa4+ 95. Kb6 Qa8 96. Rc5+ Ke4 97. Rc4+ Kd3 98. Rc7 Kd4
99. Rc6 Qb8+ 100. Ka6 Kd5 101. Ka5 Qd8+ 102. Ka6 Qa8+ 103. Kb6 Qa3 104. Kb7
Qe7+ 105. Rc7 Qb4 106. b6 Qa4 107. Kb8 Qa6 108. b7 Qd6 109. Ka8 Qa3+ 110. Kb8
Qa1 111. Rc8 Qe5+ 112. Ka8 Qa1+ 113. Kb8 Kd6 114. Rc2 Kd7 115. Rc8 Qe5+ 1/2-1/2

[Event "Interzonal-12b"]
[Site "Toluca de Lerdo"]
[Date "1982.08.17"]
[Round "6"]
[White "Hulak, Krunoslav"]
[Black "Spassky, Boris Vasilievich"]
[Result "0-1"]
[WhiteElo "2490"]
[BlackElo "2625"]
[Annotator "ChessBase"]
[PlyCount "72"]
[EventDate "1982.08.11"]
[EventType "tourn"]
[EventRounds "13"]
[EventCountry "MEX"]
[EventCategory "12"]
[SourceTitle "IZT"]
[Source "ChessBase"]
[SourceDate "1999.07.01"]
[SourceVersion "1"]
[SourceVersionDate "1999.07.01"]
[SourceQuality "1"]

1. d4 Nf6 2. c4 e6 3. Nc3 d5 4. Bg5 Be7 5. cxd5 exd5 6. e3 O-O 7. Bd3 Nbd7 8.
Qc2 Re8 9. Nge2 c6 10. h3 Nf8 11. O-O-O a5 12. Kb1 b5 $1 (12... a4 $6 13. Nxa4
Qa5 14. Nac3 b5 15. Nc1) 13. g4 a4 14. Ng3 a3 $5 (14... Qa5) 15. b3 Qa5 16.
Rhg1 Kh8 $10 17. Nce2 Bd7 18. Nf5 Bxf5 19. gxf5 Rac8 20. Nf4 N8d7 21. Qe2 c5
22. dxc5 Nxc5 23. Bxf6 Bxf6 24. Nxd5 Na4 25. Rc1 Nc3+ 26. Nxc3 Rxc3 27. Rgd1
Qb4 28. Bc2 Rcxe3 29. Qd2 Rc3 30. Re1 Rxe1 31. Qxe1 h6 32. Rd1 Kh7 33. Qe2 Rxh3
34. Qe1 Qc5 35. Kc1 Rxb3 36. axb3 a2 0-1

[Event "Paris op"]
[Site "Paris"]
[Date "1996.??.??"]
[Round "4"]
[White "Pira, Davoud"]
[Black "Korneev, Oleg"]
[Result "0-1"]
[WhiteElo "2365"]
[BlackElo "2590"]
[Annotator "ChessBase"]
[PlyCount "108"]
[EventDate "1996.04.??"]
[EventType "swiss"]
[EventRounds "9"]
[EventCountry "FRA"]
[SourceTitle "EXT 1997"]
[Source "ChessBase"]
[SourceDate "1996.11.15"]
[SourceVersion "1"]
[SourceVersionDate "1996.11.15"]
[SourceQuality "1"]

1. d4 d5 2. Nf3 Nf6 3. c4 e6 4. Nc3 c6 5. cxd5 exd5 6. Bg5 Be7 7. Qc2 g6 8. e3
Bf5 9. Bd3 Bxd3 10. Qxd3 Nbd7 11. Bh6 Bf8 (11... Ng4 $5) 12. Bg5 (12. Bxf8 Kxf8
$10) 12... Bd6 13. Rb1 (13. Bh6 Ng4 $5) 13... Qe7 14. O-O O-O 15. b4 a6 16. Na4
b5 (16... b6 $2 {faiblesses en c6 et b6}) 17. Nc5 Bxc5 18. dxc5 (18. bxc5 $6
Qe6 {avec idee 19 ... Ce4}) 18... Qe4 $5 19. Qc3 Qf5 20. Bf4 Ne4 21. Qb2 {[#]}
g5 $5 22. Bd6 Nxd6 23. cxd6 Nb6 $15 {faiblesse en b6} 24. Nd4 (24. Qe5 $5)
24... Qd7 25. Qc2 Nc4 26. Nf5 Rae8 (26... Nxd6 $2 27. Qxc6 $1) 27. Rb3 (27.
Rbc1 $5 Re4 $5) 27... Nxd6 28. Nxd6 Qxd6 29. Rc1 Re6 30. h3 {zeitnot ...} (30.
Ra3 $5) 30... Rc8 31. Qf5 (31. a3 $5) 31... h6 32. Ra3 Qxb4 33. Rxa6 Rc7 34.
Qc2 Kg7 35. Rb1 Qe7 36. Qc3+ Qf6 37. Qc5 Rd7 38. Ra8 Qe7 {Zeitnot ...} 39. Qd4+
Qf6 40. Qb6 (40. Qc5 Qe7 41. Qd4+ f6 $5) 40... Red6 41. Qd4 Qxd4 42. exd4 Re7
$19 43. a4 bxa4 44. Rxa4 Re2 45. Kf1 Rc2 46. Re1 Re6 47. Re3 Kg6 48. g4 $6 Rf6
49. Re2 Rc3 50. Kg2 Rf4 51. Re3 Rc2 52. Rf3 Rc4 53. Ra6 Rfxd4 54. Rf5 {[#]} Kg7
0-1

[Event "URS-ch50 Final"]
[Site "Moscow"]
[Date "1983.04.03"]
[Round "1"]
[White "Beliavsky, Alexander G"]
[Black "Jussupow, Artur"]
[Result "1-0"]
[WhiteElo "2570"]
[BlackElo "2565"]
[Annotator "ChessBase"]
[PlyCount "65"]
[EventDate "1983.04.03"]
[EventType "tourn"]
[EventRounds "17"]
[EventCountry "URS"]
[EventCategory "14"]
[SourceTitle "URS-ch"]
[Source "ChessBase"]
[SourceDate "1999.07.01"]
[SourceVersion "1"]
[SourceVersionDate "1999.07.01"]
[SourceQuality "1"]

1. d4 Nf6 2. c4 e6 3. Nc3 d5 4. cxd5 exd5 5. Bg5 Be7 6. e3 Nbd7 7. Bd3 O-O 8.
Nf3 Re8 9. Qc2 Nf8 10. h3 Be6 11. O-O c6 12. a3 N6d7 13. Bxe7 Qxe7 14. b4 Ng6
15. Rfc1 Qf6 16. Qd1 Bf5 17. b5 Bxd3 18. Qxd3 Nb6 19. bxc6 bxc6 20. Nb1 Rac8
21. Ra2 Nh4 22. Nxh4 Qxh4 23. Nd2 Re6 24. Rac2 Qe7 25. Rc5 Rc7 26. Qb3 Qd6 27.
Nf3 $14 {[#]} Nd7 $2 (27... f6 $142 28. Qc2 g6 29. a4 Kg7 30. a5 Nc4 31. Qc3
$14) 28. Ne5 $18 Nxc5 (28... Nxe5 29. Qb8+ Qf8 30. Qxc7 $18) 29. Qb8+ Qf8 30.
Qxc7 $18 f6 31. Nxc6 Nd3 32. Rb1 Re8 33. Qxa7 {time} 1-0

[Event "Candidates Tournament Montpellier"]
[Site "Montpellier"]
[Date "1985.10.??"]
[Round "8"]
[White "Jussupow, Artur"]
[Black "Spassky, Boris Vasilievich"]
[Result "1-0"]
[WhiteElo "2600"]
[BlackElo "2590"]
[Annotator "ChessBase"]
[PlyCount "66"]
[EventDate "1985.10.13"]
[EventType "tourn"]
[EventRounds "15"]
[EventCountry "FRA"]
[EventCategory "14"]
[SourceTitle "Candidates"]
[Source "ChessBase"]
[SourceDate "1999.07.01"]
[SourceVersion "2"]
[SourceVersionDate "1999.07.01"]
[SourceQuality "1"]

1. d4 Nf6 2. c4 e6 3. Nc3 d5 4. cxd5 exd5 5. Bg5 Be7 6. e3 O-O 7. Qc2 Nbd7 8.
Nf3 c6 9. Bd3 Re8 10. O-O Nf8 11. Rae1 Be6 12. Ne5 N6d7 13. Bxe7 Rxe7 14. f4 f6
15. Nf3 Nb6 16. f5 (16. Kh1 {/\ Rg1, g4 Yusupov}) 16... Bf7 17. g4 Qd6 $14 18.
e4 dxe4 19. Nxe4 Qc7 20. g5 Nd5 21. Bc4 Kh8 22. gxf6 gxf6 23. Qd2 Ne3 24. Rxe3
Bxc4 25. Rfe1 Rg7+ 26. Ng3 Bd5 27. Kf2 Rd8 28. Re8 Kg8 29. Nh5 Rxe8 30. Nxf6+
Kf7 31. Nxe8 Qxh2+ 32. Nxh2 Rg2+ 33. Ke3 Kxe8 1-0